Random Tasmanian Birds by Picture - Statistics

General Stats
  • This quiz has been taken 177 times
    68 since last reset
  • The average score is 6 of 16
Answer Stats
Picture Answer % Correct
Australian magpie
100%
Banded lapwing
100%
Black swan
100%
Eurasian coot
100%
Forty-spotted pardalote
100%
Galah
100%
Grey currawong
100%
Grey goshawk
100%
Hoary-headed grebe
100%
House sparrow
100%
Kelp gull
100%
Little penguin
100%
Little pied cormorant
100%
Mallard
100%
Nankeen kestrel
100%
Pacific black duck
100%
Peafowl
100%
Pied oystercatcher
100%
Rainbow lorikeet
100%
Sooty oystercatcher
100%
Sulphur-crested cockatoo
100%
Superb fairywren
100%
Tasmanian native hen
100%
Tawny frogmouth
100%
Tree martin
100%
Yellow wattlebird
100%
Shy albatross
75%
New Holland honeyeater
67%
Tasmanian wedge-tailed eagle
67%
Wandering albatross
67%
Yellow-throated honeyeater
67%
Flame robin
60%
Pink robin
60%
Australian owlet-nightjar
50%
Australian wood duck
50%
Beautiful firetail
50%
Brown falcon
50%
Cape Barren goose
50%
Cattle egret
50%
Chestnut teal
50%
Eastern rosella
50%
Eastern spinebill
50%
European goldfinch
50%
Great cormorant
50%
Green rosella
50%
Hooded plover
50%
Magpie goose
50%
Peregrine falcon
50%
Scarlet robin
50%
Scrubtit
50%
Silver gull
50%
Southern boobook
50%
Welcome swallow
50%
Yellow-rumped thornbill
50%
Crested tern
40%
Grey fantail
40%
Black-faced cormorant
33%
Collared sparrowhawk
33%
Common blackbird
33%
Dusky wood swallow
33%
Fairy tern
33%
Forest raven
33%
Musk duck
33%
Silvereye
33%
Swift parrot
33%
Tasmanian masked owl
33%
Spotted pardalote
29%
Brown thornbill
25%
Dusky moorhen
25%
Grey butcherbird
25%
Musk lorikeet
25%
Tasmanian thornbill
25%
Australian pipit
20%
Black-faced cuckoo-shrike
20%
Orange-bellied parrot
20%
Pallid cuckoo
20%
Spotted turtle-dove
20%
White-bellied sea eagle
20%
Australasian darter
0%
Australasian gannet
0%
Australasian shoveler
0%
Australian pelican
0%
Australian shelduck
0%
Bassian thrush
0%
Black currawong
0%
Black-fronted dotterel
0%
Black-headed honeyeater
0%
Blue-winged parrot
0%
Bronzewing pigeon
0%
Brown goshawk
0%
Caspian tern
0%
Common starling
0%
Crescent honeyeater
0%
Dusky robin
0%
Eurasian skylark
0%
European greenfinch
0%
Fan-tailed cuckoo
0%
Golden whistler
0%
Grey shrike thrush
0%
Hardhead
0%
Laughing kookaburra
0%
Lewin's rail
0%
Little black cormorant
0%
Little grassbird
0%
Little wattlebird
0%
Masked lapwing
0%
Noisy miner
0%
Olive whistler
0%
Pacific gull
0%
Purple swamphen
0%
Royal spoonbill
0%
Satin flycatcher
0%
Shining bronze-cuckoo
0%
Short-tailed shearwater
0%
Striated fieldwren
0%
Striated pardalote
0%
Strong-billed honeyeater
0%
Superb lyrebird
0%
Swamp harrier
0%
Tasmanian scrubwren
0%
Whistling kite
0%
White-faced heron
0%
Willie wagtail
0%
Yellow-billed spoonbill
0%
Yellow-tailed black cockatoo
0%
No matching quizzes found
Score Distribution
Percent of People with Each Score
Percentile by Number Answered
Your Score History
You have not taken this quiz since the last reset